00995 2200325 4500001002100000005001500021035002000036007000300056040001700059100003700076245014400113250001200257300003200269020001800301041000800319082001200327084001800339090001900357264003900376336002100415337003000436338002300466650001400489850001000503008004100513700004500554504002600599990002200625990002200647INLIS00000000000632220260418080115 a0010-0322000566ta aSBPUPADbInd0 aLydia Harlina MartonoePengarang1 aModul Latihan Pemulihan Pecandu Narkoba Berbasis Masyarakat :bUntuk Pembimbing dan Pecandu Narkoba /cLydia Harlina Martono, Satya Joewana a.-cet.1 av,159 hlm. :bilus. ;c23cm a979-690-326-1 aInd a362.293 a362.293 LID m a368 MAN a 13-4 a.--Jakarta :bBalai Pustaka,c2005 2rdacontentaTeks 2rdamediaaTanpa Perantara 2rdacarrieravolume 4aNarkotika aPUPAD260418 0 0 apengarang ke-2, Satya JoewanaePengarang aBibliografi, hlm 160 a1748/Arpus-Pdg/07 a1747/Arpus-Pdg/07